European capitals in alphabetical order - Statistics

General Stats
  • This quiz has been taken 51 times
  • The average score is 27 of 49
Answer Stats
Answer % Correct
Andorra la Vella
87%
Amsterdam
84%
Athens
77%
Brussels
74%
Bucharest
74%
Budapest
74%
Vienna
74%
Zagreb
74%
Berlin
71%
Bern
71%
Copenhagen
68%
Chisinau
65%
Dublin
65%
Oslo
65%
Valletta
65%
Warsaw
65%
Belgrade
61%
Bratislava
61%
Vaduz
61%
Kyiv
58%
London
58%
Madrid
58%
Vilnius
58%
Lisbon
55%
Moscow
55%
Paris
55%
Helsinki
52%
Ljubljana
52%
Podgorica
52%
Riga
52%
Sarajevo
52%
Tallin
52%
Minsk
48%
Prague
48%
Pristina
48%
San Marino
48%
Ankara
45%
Rome
45%
Stockholm
45%
Reykjavik
42%
Tirana
42%
Baku
39%
Luxembourg
39%
Skopje
39%
Sofia
35%
Monaco
32%
Tbilisi
29%
Yerevan
29%
Nicosia
26%
No matching quizzes found
Score Distribution
Percent of People with Each Score
Percentile by Number Answered
Your Score History
You have not taken this quiz